书目信息 |
| 题名: |
现代有线电视宽带网络设计、施工、调测与维修
|
|
| 作者: | 龚智星 编著 | |
| 分册: | ||
| 出版信息: | 北京 中国广播电视出版社 2001 |
|
| 页数: | 190页 | |
| 开本: | 26cm | |
| 丛书名: | ||
| 单 册: | ||
| 中图分类: | TN949.194 , TN915.142 , TN943 | |
| 科图分类: | ||
| 主题词: | 电缆电视--宽带通信系统--电视网 , 电缆电视 , 宽带通信系统 , 电视网 , 视频信号--数据传输 | |
| 电子资源: | ||
| ISBN: | 7-5043-3716-1 | |
| 000 | 01045nam0 2200289 450 | |
| 001 | 1562078224 | |
| 005 | 20150131171519.07 | |
| 010 | @a7-5043-3716-1@dCNY23.00 | |
| 100 | @a20011117d2001 em y0chiy0110 ea | |
| 101 | 0 | @achi |
| 102 | @aCN@b110000 | |
| 105 | @ay z 000yy | |
| 200 | 1 | @a现代有线电视宽带网络设计、施工、调测与维修@9xian dai you xian dian shi kuan dai wang luo she ji 、 shi gong 、 diao ce yu wei xiu@f龚智星等编著 |
| 210 | @a北京@c中国广播电视出版社@d2001 | |
| 215 | @a190页@d26cm | |
| 330 | @a本书详细地介绍了现代有线电视宽带综合网的设计、施工、调测与维修方法。书中从实用角度出发,对光揽传输分配系统、因特网、IP网、多媒体宽带网、SDH网、ATM网等一些较新的技术问题作了深入浅出的论述。 | |
| 606 | 0 | @a电缆电视@x宽带通信系统@x电视网 |
| 606 | 0 | @a电缆电视 |
| 606 | 0 | @a宽带通信系统 |
| 606 | 0 | @a电视网 |
| 606 | 0 | @a视频信号@x数据传输 |
| 690 | @aTN949.194@v5 | |
| 690 | @aTN915.142@v5 | |
| 690 | @aTN943@v4 | |
| 701 | 0 | @a龚智星@9gong zhi xing@4编著 |
| 801 | 0 | @aCN@bTSSF@c20150131 |
| 905 | @aZUCC@dTN943@eJY134 | |
| 现代有线电视宽带网络设计、施工、调测与维修/龚智星等编著.-北京:中国广播电视出版社,2001 |
| 190页;26cm |
| ISBN 7-5043-3716-1:CNY23.00 |
| 本书详细地介绍了现代有线电视宽带综合网的设计、施工、调测与维修方法。书中从实用角度出发,对光揽传输分配系统、因特网、IP网、多媒体宽带网、SDH网、ATM网等一些较新的技术问题作了深入浅出的论述。 |
| ● |
| 相关链接 |
|
|
|
|
正题名:现代有线电视宽带网络设计、施工、调测与维修
索取号:TN943/JY134
 
预约/预借
| 序号 | 登录号 | 条形码 | 馆藏地/架位号 | 状态 | 备注 |
| 1 | 7861835 | 278618355 | 学院路分馆/ [索取号:TN943/JY134] | 在馆 | |
| 2 | 7861836 | 278618364 | 学院路分馆/ [索取号:TN943/JY134] | 在馆 | |
| 3 | 7861837 | 278618373 | 学院路分馆/ [索取号:TN943/JY134] | 在馆 | |
| 4 | 7861838 | 278618382 | 学院路分馆/ [索取号:TN943/JY134] | 在馆 |